| 000 | 00609nam a2200241Ia 4500 | ||
|---|---|---|---|
| 003 | OSt | ||
| 005 | 20230511141933.0 | ||
| 008 | 210423s1988 xx 000 0 und d | ||
| 020 | _a978-81-85198-02-0 | ||
| 040 | _cAL | ||
| 041 | _aeng | ||
| 082 | _a530.12 POWQ | ||
| 100 |
_aPOWELL (John L);CRASEMANN (Bernd) _9103148 |
||
| 245 | _aQuantum mechanics | ||
| 250 | _a2 | ||
| 260 |
_aNew Delhi _bNarosa Publishing House _c1988 |
||
| 300 |
_ax,508p _bPB |
||
| 365 |
_b325 _cINR |
||
| 650 |
_aPhysics _9103149 |
||
| 650 |
_aQuantum Mechanics _9103150 |
||
| 906 | _amechanics ; Quantum | ||
| 942 |
_2ddc _cBK |
||
| 999 |
_c166012 _d166012 |
||